MARC details
| 000 -BAŞLIK |
| Sabit Uzunluktaki Kontrol Alanı |
04422nam a22004337a 4500 |
| 001 - KONTROL NUMARASI |
| Control Dosyası |
0009023 |
| 003 - KONTROL NUMARASI KİMLİĞİ |
| Kontrol Alanı |
KOHA_MİRAKIL |
| 005 - EN SON İŞLEM TARİHİ ve ZAMANI |
| Kontrol Alanı |
20260207001656.0 |
| 007 - FİZİKSEL TANIM SABİT ALAN - GENEL BİLGİ |
| Sabit uzunluklu kontrol alanı |
ta |
| 008 - SABİT UZUNLUKTAKİ VERİ ÖGELERİ - GENEL BİLGİ |
| Sabit Alan |
091120b2009 tu |||gr||||#||||0|tur | |
| 020 ## - ISBN - ULUSLARARASI STANDART KİTAP NUMARASI |
| Isbn |
9789752639768 |
| Kullanılabilirlik koşulları |
TL7,36 |
| 040 ## - KATALOGLAMA KAYNAĞI |
| Özgün Kataloglama Kurumu |
TR-BiSEU |
| Kataloglama Dili |
tur |
| Çeviri Kurumu |
TR-BiSEU |
| Açıklama Kuralları |
rda |
| 041 0# - DİL KODU |
| Metin ya da ses kaydının dil kodu |
tur |
| 044 ## - YAYINLAYAN/ÜRETEN KURULUŞUN ÜLKE KODU |
| ISO country code |
tu |
| 050 ## - SINIFLAMA ve YER NUMARASI |
| Sınıflama Numarası |
HV6295.T9 |
| Yer Numarası |
C53 2009 |
| 100 1# - KİŞİ ADI |
| Yazar Adı (Kişi adı) |
Çiçek, Nevzat. |
| 245 1# - ESER ADI BİLDİRİMİ |
| Başlık |
İtirafçı : |
| Alt Eseradı vb. |
karanlık dönemin tetikçileri/ |
| Sorumluluk Bildirimi |
Nevzat Çiçek ; Nevzat Çiçek. |
| 264 #1 - ÜRERİM, YAYIN, DAĞITIM ve TELİF BİLDİRİMİ |
| Yayın yeri |
İstanbul : |
| Yayınlayan |
Timaş |
| Yayın tarihi |
2009 |
| 300 ## - FİZİKSEL TANIMLAMA |
| Sayfa, Cilt vb. |
206 sayfa; 20 cm. |
| 336 ## - İÇERİK TÜRÜ |
| Content type term |
metin |
| Content type code |
txt |
| Source |
rdacontent |
| 337 ## - MEDYA TÜRÜ |
| Media type term |
aracısız |
| Media type code |
n |
| Source |
rdamedia |
| 338 ## - TAŞIYICI TÜRÜ |
| Carrier type term |
cilt |
| Carrier type code |
nc |
| Source |
rdacarrier |
| 490 1# - DİZİ BİLDİRİMİ |
| Dizi Bildirimi |
Timaş yayınları ; |
| Cilt Numarası |
2051. |
| 490 1# - DİZİ BİLDİRİMİ |
| Dizi Bildirimi |
Perde arkası dizisi |
| 505 ## - İÇİNDEKİLER NOTU |
| İçindekiler Notu |
Gerçekte kim bu itirafçılar? Bir dönem PKK için, sonra da devlet için savaşan bu insanlar "kahraman" mı yoksa "vatan haini" mi? |
| 650 #0 - KONU BAŞLIĞI EK GİRİŞ - KONU TERİMİ |
| Konusal terim veya coğrafi ad |
Confession (Law)--Turkey. |
| 9 (RLIN) |
22527 |
| 650 #0 - KONU BAŞLIĞI EK GİRİŞ - KONU TERİMİ |
| Konusal terim veya coğrafi ad |
Secret service--Turkey. |
| 9 (RLIN) |
22528 |
| 650 #0 - KONU BAŞLIĞI EK GİRİŞ - KONU TERİMİ |
| Konusal terim veya coğrafi ad |
Intelligence officers--Turkey. |
| 9 (RLIN) |
22529 |
| 650 #0 - KONU BAŞLIĞI EK GİRİŞ - KONU TERİMİ |
| Konusal terim veya coğrafi ad |
Political crimes and offenses--Turkey. |
| 9 (RLIN) |
22530 |
| 650 #0 - KONU BAŞLIĞI EK GİRİŞ - KONU TERİMİ |
| Konusal terim veya coğrafi ad |
Turkey--Politics and government--1980-. |
| 9 (RLIN) |
4976 |
| 650 #0 - KONU BAŞLIĞI EK GİRİŞ - KONU TERİMİ |
| Konusal terim veya coğrafi ad |
İtiraf (Hukuk)--Türkiye. |
| 9 (RLIN) |
22531 |
| 650 #0 - KONU BAŞLIĞI EK GİRİŞ - KONU TERİMİ |
| Konusal terim veya coğrafi ad |
Gizli servis--Türkiye. |
| 9 (RLIN) |
22532 |
| 650 #0 - KONU BAŞLIĞI EK GİRİŞ - KONU TERİMİ |
| Konusal terim veya coğrafi ad |
İstihbarat memurları--Türkiye. |
| 9 (RLIN) |
22533 |
| 650 #0 - KONU BAŞLIĞI EK GİRİŞ - KONU TERİMİ |
| Konusal terim veya coğrafi ad |
Siyasi suçlar ve suçlular--Türkiye. |
| 9 (RLIN) |
22534 |
| 650 #0 - KONU BAŞLIĞI EK GİRİŞ - KONU TERİMİ |
| Konusal terim veya coğrafi ad |
Türkiye--Politika ve idare--1980-. |
| 9 (RLIN) |
22535 |
| 830 1# - SERİ EK GİRİŞİ - TEKBİÇİM ESER ADI |
| Tekbiçim Başlık |
Timaş yayınları ; |
| Volume number/sequential designation |
2051. |
| 9 (RLIN) |
8079 |
| 830 1# - SERİ EK GİRİŞİ - TEKBİÇİM ESER ADI |
| Tekbiçim Başlık |
Perde arkası dizisi |
| 9 (RLIN) |
22536 |
| 942 ## - EK GİRİŞ ÖGELERİ (KOHA) |
| Source of classification or shelving scheme |
Library of Congress Classification |
| Koha item type |
Book |
| 505 ## - İÇİNDEKİLER NOTU |
| -- |
|
| -- |
Neden PKK'ya katıldım? Neden ayrıldım? Nasıl itirafçı oldum? Neler yaşadım? |
| -- |
|
| -- |
"Ben JİTEM'de çalışırken, tekrar dağa dönmeye, örgüte katılmaya karar verdim. Bu kararımı örgüt mensuplarına ilettim. Bunun üzerine Hav, İmralı'ya gitti. Abdullah Öcalan'la görüştü. Öcalan, 'Aygan, bir süre daha JİTEM'de kalmalı, sonra tekrar duruma göre bakarız' demiş. Ben de JİTEM'de çalışmaya devam ettim." |
| -- |
|
| -- |
Çocuk yaşlarda iken örgüte katılmaya karar veren, daha sonra PKK'dan kaçıp KDP'ye teslim olan, KDP ile PKK arasındaki çatışmalara katılan ve sonunda itirafçı olmayı seçen Kahraman Bilgiç, ilk defa yayınlanacak hatıralarında, neden dağa çıktığını, örgütten kaçmasının sebeplerini ve nasıl itirafçı olduğunu gün gün anlatıyor. Kahraman Bilgiç gibi itirafçı olmayı seçen İbrahim Babat ve Abdülkadir Aygan, Güneydoğu'da yaşanan olayların bilinmeyen yönlerini bütün çıplaklığıyla itiraf ediyor. |
| -- |
Karanlık dönemin hayalet savaşçılarını, ilk kez yayınlanan belgelerle, yakından tanımak isteyen tüm okurlar için... |
| -- |
|
| -- |
Gazeteci -yazar Nevzat Çiçek tarafından kaleme alınan "İTİRAFÇI- KARANLIK DÖNEMİN TETİKÇİLERİ" isimli kitap Türkiye'nin demokrasi tarihinde karanlık olan bir dönemi aydınlaması için kapı aralıyor. |
| -- |
|
| -- |
*İtirafçı kimdir, bir itirafçıda bulunması gereken özellikler nelerdir? Neden itirafçıların aile bağları zayıf olmalıdır? Hangi sınavlardan geçiriliyor? |
| -- |
|
| -- |
*PKK'dan kopan ilk itirafçı neler anlattı? 1978 yılında nasıl yakalandı? Diyarbakır Cezaevi'nde ilk itirafçılar koğuşu nasıl oluşturuldu? |
| -- |
|
| -- |
*Yüksekova Çetesi'ni ortaya çıkaran Kahraman Bilgiç'in cezaevinde yazdığı ve ilk defa yayınlanacak günlüklerinde hangi inanılmaz bilgiler vardı? |
| -- |
|
| -- |
*Bilgiç nasıl örgüte katıldı, nasıl teslim oldu, neden itirafçı oldu? Başına neler geldi. |
| -- |
|
| -- |
*Bilgiç, yazdıklarıyla hangi faili meçhul cinayetlerin aydınlanmasını sağlıyor? |
| -- |
|
| -- |
*Hangi emniyet istihbaratçısı Rıdvan Özden cinayetiyle ilgili bilgileri ilk defa bu kitapta anlattı? Cinayet faili olarak kimleri adres gösterdi? |
| -- |
|
| -- |
*İbrahim Babat'ın cezaevindeki görüşme tutanağı ve Susurluk Komisyonu'na verdiği ve ilk defa bu kitapta sansürsüz yayınlanan ifadelerine göre, Cem Ersever Ankara'ya gitmeden önce hangi eski Meclis Başkanı ile görüştü? |
| -- |
|
| -- |
*Hasan Kundakçı paşa, itirafçıların sözlerine neden itibar edilmemesini istedi? Kundakçı Paşa kendi kullandıkları itirafçılar için bugün ne diyor? |
| -- |
|
| -- |
* CHP milletvekili olan Ali Topuz, Abdülkadir Aygan'ı, 1975 yılında nerede ve neden ziyaret etti? |
| -- |
|
| -- |
Bunlar gibi kamuoyuna ilk defa yansıyacak olan belge ve bilgilerle İtirafçıların dünü ve bugünü İTİRAFÇILAR'da. |